000 00878nam a2200289 4500
001 11745
003 ES-MaACL
005 20250716062523.0
007 t|
008 000000s19910000sp a ||||0| spa d
016 7 _zIBH8505925063
020 _a84-376-0536-9
040 _aIBH
_bspa
_cM-BN-DP
080 _a820-21"16"
100 1 _aShakespeare, William,
_d1564-1616
_9105992
245 1 0 _aOthello /
_cWilliam Shakespeare ; traducida por Manuel Angel Conejero. .. [et al.].
250 _a2ª ed.
260 _aMadrid :
_bCátedra,
_cD.L. 1991.
300 _a295 p :
_bil ;
_c18 cm.
490 1 _aLetras universales ;
_v30
504 _aBibliografía: p. 55-59.
700 1 _aConejero Dionís-Bayer, Manuel Angel.
_940155
830 0 _aLetras universales ;
_v30
_9178013
852 _aES-MaACL
_jL-19028
_bR.125089
999 _c11745
_d11745